Miért van így, miért ez történik? fogalomalkotás egyszerűen, természetismeret órákon, alsó tagozatban : [absztrakt] /

Elmentve itt :
Bibliográfiai részletek
Szerző: Kelemenné Nyári Mónika
Testületi szerző: 150 éve a pedagógusképzésért - Neveléstudományi Konferencia
Dokumentumtípus: Könyv része
Megjelent: Juhász Gyula Felsőoktatási Kiadó Szeged 2023
Sorozat:150 éve a pedagógusképzésért - Neveléstudományi Konferencia
Kulcsszavak:Problémamegoldó gondolkodás - előadáskivonat, Képességfejlesztés - előadáskivonat, Természetismeret tanítása - módszer - általános iskola - előadáskivonat
Tárgyszavak:
Online Access:http://acta.bibl.u-szeged.hu/83484
LEADER 01153naa a2200217 i 4500
001 acta83484
005 20240130133408.0
008 240130s2023 hu o 100 hun d
020 |a 978-963-648-013-4 
040 |a SZTE Egyetemi Kiadványok Repozitórium  |b hun 
041 |a hun 
100 2 |a Kelemenné Nyári Mónika 
245 1 0 |a Miért van így, miért ez történik?   |h [elektronikus dokumentum] :  |b fogalomalkotás egyszerűen, természetismeret órákon, alsó tagozatban : [absztrakt] /  |c  Kelemenné Nyári Mónika 
260 |a Juhász Gyula Felsőoktatási Kiadó  |b Szeged  |c 2023 
300 |a 78 
490 0 |a 150 éve a pedagógusképzésért - Neveléstudományi Konferencia 
650 4 |a Társadalomtudományok 
650 4 |a Oktatástudomány 
695 |a Problémamegoldó gondolkodás - előadáskivonat, Képességfejlesztés - előadáskivonat, Természetismeret tanítása - módszer - általános iskola - előadáskivonat 
711 |a 150 éve a pedagógusképzésért - Neveléstudományi Konferencia  |c Szeged  |d 2023. október 12-13. 
856 4 0 |u http://acta.bibl.u-szeged.hu/83484/1/150_eve_a_pedagoguskepzesert_2023_078.pdf  |z Dokumentum-elérés